| 000 | 00000nam 2200000zi 4500 |
| 001 | 9.937096 |
| 003 | CaOODSP |
| 005 | 20240718142505 |
| 006 | m o d f |
| 007 | cr cn||||||||| |
| 008 | 240418t20242024oncbo ob f000 0 fre d |
| 020 | |a9780660714752 |
| 040 | |aCaOODSP|bfre|erda|cCaOODSP |
| 043 | |an-cnh-- |
| 086 | 1 |aFs70-5/2024-034F-PDF |
| 100 | 1 |aSauvé, Caroline, |eauteur. |
| 245 | 10|aEstimation de l'abondance du stock de morses (Odobenus rosmarus rosmarus) du sud et de l'est de la baie d'Hudson d'après un relevé aérien effectué en septembre 2022 / |cC. Sauvé, A. Mosnier, A.P. St-Pierre, M.O. Hammill. |
| 264 | 1|aOttawa (Ontario) : |bSecrétariat canadien des avis scientifiques (SCAS), |c2024. |
| 264 | 4|c©2024 |
| 300 | |a1 ressource en ligne (iv, 23 pages) : |bcartes, photographies. |
| 336 | |atexte|btxt|2rdacontent/fre |
| 337 | |ainformatique|bc|2rdamedia/fre |
| 338 | |aressource en ligne|bcr|2rdacarrier/fre |
| 490 | 1 |aDocument de recherche, |x2292-4272 ; |v2024/034 |
| 500 | |aTitre de la couverture. |
| 500 | |a« juin 2024. » |
| 500 | |aPublié aussi en anglais sous le titre : Abundance estimate of the South and East Hudson Bay walrus (Odobenus rosmarus rosmarus) stock from an aerial survey flown in September 2022. |
| 504 | |aComprend des références bibliographiques (pages 12-15). |
| 520 | 3 |a« Du 1er au 13 septembre 2022, un relevé photographique aérien a été réalisé afin d'estimer l'abondance des morses du stock du sud et de l'est de la baie d'Hudson (SEBH). L'ensemble de l'aire de répartition de la région du SEBH a été couvert. Au total, 130 morses ont été dénombrés à partir de photographies aériennes dans la zone d'étude, dont 129 ont été observés dans une échouerie située sur l'île Kidney, et un sur l'île Eddy, dans l'archipel des îles Ottawa » -- Résumé, page iv. |
| 650 | 6|aMorse|zHudson, Baie d'. |
| 650 | 6|aPhotographie aérienne dans l'aménagement de la faune|zHudson, Baie d'. |
| 710 | 1 |aCanada. |bMinistère des pêches et des océans. |bRégion du Québec, |eorganisme de publication. |
| 710 | 2 |aSecrétariat canadien de consultation scientifique, |eorganisme de publication. |
| 775 | 08|tAbundance estimate of the South and East Hudson Bay walrus (Odobenus rosmarus rosmarus) stock from an aerial survey flown in September 2022 / |w(CaOODSP)9.937095 |
| 830 | #0|aDocument de recherche (Secrétariat canadien de consultation scientifique)|x2292-4272 ; |v2024/034.|w(CaOODSP)9.503788 |
| 856 | 40|qPDF|s2.20 Mo|uhttps://publications.gc.ca/collections/collection_2024/mpo-dfo/fs70-5/Fs70-5-2024-034-fra.pdf |